000 00332nam a22001457a 4500
003 OSt
005 20160727222459.0
008 160705b xxu||||| |||| 00| 0 eng d
040 _cTEST
100 _92247
_a Hemalatha
245 _aMahagiri
260 _aN.D
_b Children Books Trust
_c2002
300 _aMahagiri
942 _2ddc
_cBK
999 _c1935
_d1935